000 00472 a2200145 4500
245 _aHidden treasure
_b : a memoir
_hprint
020 _a9780797449190 (Chate
700 _aChater, Patricia.
700 _aHastings, Ann.
650 _aZIMBABWEAN LITERATURE
005 20191017172745.0
260 _arh
_c2012
084 _aMLCS 2013/42806 (P)
300 _axii, 155 pages : illustrations
_b 21 cm
_cxii, 155 pages : illustrations ; 21 cm
500 _aby Patricia Chater ; introduced by Ann Hastings.
999 _c9327
_d9327